| 000 | 00592nam a22001697a 4500 | ||
|---|---|---|---|
| 003 | OSt | ||
| 005 | 20171010095456.0 | ||
| 008 | 120703t xxu||||| |||| 00| 0 eng d | ||
| 040 |
_aMMSU _cULS |
||
| 100 |
_aCajigal, Imee Claire _910977 |
||
| 245 |
_aKnowledge and level of enjoyment of women in Badoc, Ilocos Norte on their human rights _cImee Claire Cajigal |
||
| 260 | _c2008 | ||
| 300 |
_axiii, 75 leaves _c28 cm. |
||
| 500 | _aThesis (AB Sociology) -- Mariano Marcos State University-College of Arts & Sciences, Batac City | ||
| 504 | _aBibliography: leaves 56-57 | ||
| 942 |
_2ddc _cTHEDIS |
||
| 999 |
_c9621 _d9621 |
||